A Descriptive Account of tr Temples of Assam and Odisha: (Record no. 203068)

MARC details
000 -LEADER
fixed length control field 00675nam a22001937a 4500
005 - DATE AND TIME OF LATEST TRANSACTION
control field 20240521115030.0
010 ## - LCCN (DPL NO)
LC control number ENG-140400
020 ## - INTERNATIONAL STANDARD BOOK NUMBER
International Standard Book Number 9789392038761
Terms of availability 1295.00
035 ## - SYSTEM CONTROL NUMBER
System control number EN-123932
037 ## - SOURCE OF ACQUISITION
Source of stock number/acquisition DBAD
082 ## - DEWEY DECIMAL CLASSIFICATION NUMBER
Classification number 230.8
100 ## - MAIN ENTRY--PERSONAL NAME
Personal name Kalita, Tapan
245 ## - TITLE STATEMENT
Title A Descriptive Account of tr Temples of Assam and Odisha:
Remainder of title Rites, Rituals and their Endowments/
Statement of responsibility, etc by Tapan Kalita
260 ## - PUBLICATION, DISTRIBUTION, ETC. (IMPRINT)
Place of publication, distribution, etc Assam
Name of publisher, distributor, etc EBH Publishers, an imprint of Eastern Book House
Date of publication, distribution, etc 2024
270 ## - ADDRESS
Address 136, M.L. Nehru Road, Panbazar, Guwahati
City Assam
Postal code 781001
300 ## - PHYSICAL DESCRIPTION
Extent 184 p.
Dimensions 24 cm, (hb}
700 ## - ADDED ENTRY--PERSONAL NAME
Personal name Kalita, Tapan
9 (RLIN) 66297
Relator term Author
942 ## - ADDED ENTRY ELEMENTS (KOHA)
Source of classification or shelving scheme Dewey Decimal Classification
Item type English Books
Classification part 230.8
Call number suffix KAL
Holdings
Withdrawn status Lost status Not for loan Collection code Home library Current library Date acquired Source of acquisition Cost, normal purchase price Full call number Barcode Copy number Cost, replacement price Koha item type
      Non-fiction Patel Nagar Patel Nagar 21/05/2024 DBAD 1295.00 230.8 KAL EN-123932 1 1295.00 English Books

© Delhi Public Library
Hit Counter
free hit counter